Amazing Faces of Breast Cancer Quiz Stats

 Plays Quiz Updated Feb 20, 2020

Support Sporcle.
Go Orange.
Score 0/32 Timer 07:00
0 Plays Today
Row # Answer % Correct
1Nancy Reagan
72.2%
1Bette Davis
62%
1Suzanne Somers
61.2%
4Sheryl Crow
60.3%
1Olivia Newton-John
51.6%
2Betty Ford
44%
1Cynthia Nixon
43.5%
1Jaclyn Smith
42.6%
3Kate Jackson
38.8%
4Julia Child
37.8%
3Melissa Etheridge
34.3%
3Robin Roberts
34.1%
3Carly Simon
33.7%
3Rue McClanahan
32.1%
2Brigitte Bardot
30.2%
3Sandra Day O'Connor
27.7%
Row # Answer % Correct
2Erma Bombeck
23.1%
4Kylie Minogue
22.7%
3Shirley Temple Black
21.8%
2Gloria Steinem
21.1%
2Hoda Kotb
21%
2Greta Garbo
19.8%
4Linda McCartney
19.2%
4Christina Applegate
18.6%
4Elizabeth Edwards
18.2%
1Edie Falco
15.8%
1Diahann Carroll
15.8%
2Ann Jillian
12.6%
4Anastacia
8.7%
4Linda Ellerbee
8.3%
2Ruby Dee
3.6%
3Molly Ivins
2.9%

You're not logged in!

Compare scores with friends on all Sporcle quizzes.
OR
Log In

From the Vault

This, But Not That VIII

by Arnott

Some things only kind of fit.
Remove Ads.
Support Sporcle.
Get the best of Sporcle when you Go Orange. This ad-free experience offers more features, more stats, and more fun while also helping to support Sporcle. Thank you for becoming a member.

Show Comments

Extras

Top Quizzes Today


Score Distribution

Your Account Isn't Verified!

In order to create a playlist on Sporcle, you need to verify the email address you used during registration. Go to your Sporcle Settings to finish the process.

Report this User

Report this user for behavior that violates our Community Guidelines.

Details: